[Event "28th WSCC Women 65 2018"]
[Site "Bled"]
[Date "2018.11.25"]
[Round "7"]
[White "Khmiadashvili, Tamar"]
[Black "Serjmyadag, Damdin"]
[Result "0-1"]
[WhiteElo "2010"]
[BlackElo "1864"]
[Annotator "NA RC"]
[PlyCount "154"]
[EventDate "2018.11.17"]
[EventType "swiss"]
[EventCountry "SLO"]
[SourceTitle "playchess.com"]
[Source "ChessBase"]
[SourceQuality "1"]
[TimeControl "40/5400+30:1800+30"]

1. b3 {[%emt 0:00:00]} e5 {[%emt 0:00:33]} 2. Bb2 {[%emt 0:00:00]} Nc6 {[%emt 0:00:41]} 3. e3 {[%emt 0:00:04]} Nf6 {[%emt 0:01:10]} 4. Nf3 {[%emt 0:01:56]} e4 {[%emt 0:02:48]} 5. Nd4 {[%emt 0:01:26]} Nxd4 {[%emt 0:02:21]} 6. Bxd4 {[%emt 0:00:11]} d5 {[%emt 0:00:40] A01: Nimzowitsch-Larsen Opening} (6... Be7 7. c4 O-O 8. Nc3 c6 9. Rc1 d5 10. cxd5 cxd5 11. Be2 Be6 12. O-O a6 13. f4 exf3 14. Bxf3 {1-0 (31) Jobava,B (2690)-Harikrishna,P (2744) Riadh 2017}) 7. Bb2 {[%emt 0:02:07]} Bd6 {[%emt 0:01:33]} 8. Be2 {[%emt 0:02:47]} Qe7 $146 {[%emt 0:01:15]} ({Predecessor:} 8... O-O 9. d3 Re8 10. Nd2 Qe7 11. dxe4 Nxe4 12. Nxe4 dxe4 {½-½ (60) Karlsson,L (2445)-Thornert,H (2234) Sweden 2016}) 9. d4 {[%emt 0:07:51]} Be6 {[%emt 0:05:06]} 10. a4 {[%emt 0:01:34]} c6 {[%emt 0:01:02]} 11. Ba3 {[%emt 0:06:11]} Bb4+ {[%emt 0:01:32]} 12. Bxb4 {[%emt 0:00:22]} Qxb4+ {[%emt 0:00:15]} 13. Qd2 {[%emt 0:03:41]} Qd6 {[%emt 0:01:11]} 14. h3 {[%emt 0:05:06]} Nd7 {[%emt 0:01:29]} 15. c4 {[%emt 0:02:04]} O-O {[%emt 0:01:36]} 16. Nc3 {[%emt 0:02:32]} a6 {[%emt 0:07:22]} 17. c5 {[%emt 0:03:07]} Qc7 {[%emt 0:02:48]} 18. a5 {[%emt 0:01:51]} f5 {[%emt 0:00:20]} 19. g3 {[%emt 0:01:30]} Rad8 {[%emt 0:02:09]} 20. b4 {[%emt 0:01:29]} Nf6 {[%emt 0:04:58]} 21. O-O-O {[%emt 0:01:56]} Qe7 {[%emt 0:04:28]} 22. Rdg1 {[%emt 0:01:41]} Nd7 {[%emt 0:06:39]} 23. Bd1 {[%emt 0:05:45]} Rf7 {[%emt 0:10:43]} 24. h4 {[%emt 0:03:39]} Rb8 {[%emt 0:05:25]} 25. Na4 {[%emt 0:03:42]} Rff8 {[%emt 0:01:31]} 26. Kc2 {[%emt 0:07:37]} Qf7 {[%emt 0:03:55]} 27. Nc3 {[%emt 0:01:30]} Qe7 {[%emt 0:00:27]} 28. Be2 {[%emt 0:01:17]} Ra8 {[%emt 0:01:47]} 29. Rb1 {[%emt 0:01:03]} Rfb8 {[%emt 0:01:49]} 30. Bd1 {[%emt 0:02:41]} Qd8 {[%emt 0:02:21]} 31. Ne2 {[%emt 0:01:19]} Nf6 {[%emt 0:03:22]} 32. Nf4 {[%emt 0:00:36]} Bf7 {[%emt 0:00:18]} 33. Be2 {[%emt 0:01:50]} Qd7 34. Qd1 {[%emt 0:02:42]} g6 {[%emt 0:04:44]} 35. Qf1 {[%emt 0:03:08]} Re8 {[%emt 0:03:05]} 36. Rb3 {[%emt 0:02:04]} Ng4 {[%emt 0:02:26]} 37. Kd2 {[%emt 0:02:01]} Re7 {[%emt 0:02:39]} 38. f3 {[%emt 0:04:19]} Nf6 {[%emt 0:03:52]} 39. Ng2 {[%emt 0:01:23]} exf3 {[%emt 0:02:51]} 40. Bxf3 {[%emt 0:00:00]} Rae8 {[%emt 0:00:00]} 41. Ra3 {[%emt 0:12:04]} Re4 {[%emt 0:02:38]} 42. Qg1 {[%emt 0:11:21]} R4e7 {[%emt 0:03:20]} 43. Nf4 {[%emt 0:01:00]} Ne4+ {[%emt 0:02:15]} 44. Bxe4 {[%emt 0:01:05]} Rxe4 {[%emt 0:00:22]} 45. Nd3 {[%emt 0:05:41]} Kg7 {[%emt 0:07:33]} 46. Qf2 {[%emt 0:02:41]} Qd8 {[%emt 0:04:27]} (46... Rxe3 $17 47. Qxe3 Rxe3 48. Kxe3 {[#]} f4+ $1 {[%mdl 512]} 49. Nxf4 Qe8+ 50. Kf2 Qe4) 47. Re1 {[%emt 0:00:52]} R8e7 {[%emt 0:03:44]} 48. Raa1 {[%emt 0:04:34]} Qe8 {[%emt 0:00:11]} 49. Rac1 {[%emt 0:01:46]} R7e6 {[%emt 0:00:28]} 50. Nf4 {[%emt 0:02:41]} Re7 {[%emt 0:00:17]} 51. Ng2 {[%emt 0:00:16]} Qd7 {[%emt 0:01:06]} 52. Rh1 {[%emt 0:00:38]} Re8 {[%emt 0:00:38]} 53. Rcf1 {[%emt 0:00:41]} Be6 {[%emt 0:01:49]} 54. Nf4 {[%emt 0:00:51]} Bf7 {[%emt 0:00:43]} 55. Re1 {[%emt 0:00:45]} Be6 {[%emt 0:02:31]} 56. h5 {[%emt 0:00:36]} (56. g4 $16) 56... g5 {[%emt 0:00:21]} 57. h6+ {[%emt 0:01:19]} Kh8 {[%emt 0:00:31]} 58. Nh5 {[%emt 0:00:19]} Rf8 {[%emt 0:03:09]} 59. Ng7 {[%emt 0:01:18]} Qf7 {[%emt 0:01:04]} 60. Ref1 {[%emt 0:01:33]} Bd7 {[%emt 0:01:01]} 61. Kd3 {[%emt 0:00:21]} Qg6 {[%emt 0:00:29]} 62. Kc3 {[%emt 0:00:13]} Qf6 {[%emt 0:00:51]} 63. Re1 {[%emt 0:01:00]} f4 $2 {[%emt 0:01:22]} (63... Kg8 $17) 64. exf4 {[%emt 0:00:18]} gxf4 {[%emt 0:00:01]} 65. Rxe4 {[%emt 0:00:15]} dxe4 {[%emt 0:00:03]} 66. gxf4 {[%emt 0:00:34]} Qxf4 {[%emt 0:00:16]} 67. Qxf4 {[%emt 0:00:42]} Rxf4 {[%emt 0:00:01]} 68. Rh5 {[%emt 0:00:37]} Rf3+ {[%emt 0:00:57]} 69. Kc4 {[%emt 0:00:40]} Kg8 {[%emt 0:01:24]} 70. d5 {[%emt 0:00:41]} cxd5+ {[%emt 0:01:10]} 71. Rxd5 {[%emt 0:01:25]} Bc6 {[%emt 0:00:28]} 72. Re5 {[%emt 0:00:29]} (72. Rd1 $142 Bb5+ 73. Kd5 Rd3+ 74. Rxd3 exd3 75. Nf5) 72... Kf7 $2 {[%emt 0:01:24]} (72... Rd3 {[%csl Ga6][%cal Rc6b5]} 73. b5 {[#]} Bd5+ $1 {[%mdl 512]} 74. Rxd5 axb5+ {[%mdl 64] Overworked Piece} 75. Kxb5 Rxd5) 73. Rf5+ $2 {[%emt 0:00:32]} (73. b5 Bxb5+ 74. Kd4) 73... Kg6 {[%emt 0:02:07]} 74. Rh5 $19 {[%emt 0:00:34]} e3 {[%emt 0:00:36]} 75. Re5 {[%emt 0:00:28]} Bb5+ {[%emt 0:00:50]} 76. Kc3 {[%emt 0:00:02]} e2+ {[%emt 0:00:29]} 77. Kd2 {[%emt 0:00:04]} Rd3+ {[%emt 0:00:59] Re6+} 0-1

[Event "28th WSCC Women 65 2018"]
[Site "Bled"]
[Date "2018.11.25"]
[Round "7"]
[White "Tsifanskaya, Ludmila A"]
[Black "Fatalibekova, Elena"]
[Result "1/2-1/2"]
[WhiteElo "1996"]
[BlackElo "2161"]
[Annotator "NA"]
[PlyCount "70"]
[EventDate "2018.11.17"]
[EventType "swiss"]
[EventCountry "SLO"]
[SourceTitle "playchess.com"]
[Source "ChessBase"]
[SourceQuality "1"]
[TimeControl "40/5400+30:1800+30"]

1. e4 {[%emt 0:00:00]} c5 {[%emt 0:00:00]} 2. Nf3 {[%emt 0:00:00]} e6 {[%emt 0:00:26]} 3. b3 {[%emt 0:00:59]} Nf6 {[%emt 0:03:02]} 4. e5 {[%emt 0:01:45]} Nd5 {[%emt 0:00:11]} 5. c4 {[%emt 0:01:49]} Nb4 {[%emt 0:02:42]} 6. a3 {[%emt 0:01:51]} N4c6 {[%emt 0:00:02]} 7. Bb2 {[%emt 0:00:30]} d6 {[%emt 0:06:20]} 8. exd6 {[%emt 0:01:00]} Qxd6 {[%emt 0:00:06]} 9. Be2 {[%emt 0:04:26]} Be7 {[%emt 0:02:38]} 10. O-O {[%emt 0:02:32]} O-O {[%emt 0:00:09]} 11. Nc3 {[%emt 0:01:02]} Qd8 {[%emt 0:05:13]} 12. Na4 {[%emt 0:16:30]} Bd7 {[%emt 0:12:57]} 13. Qc2 {[%emt 0:07:01]} Nd4 {[%emt 0:09:57]} 14. Nxd4 {[%emt 0:07:10]} cxd4 {[%emt 0:00:01]} 15. Bd3 {[%emt 0:00:28]} g6 {[%emt 0:00:56]} 16. b4 {[%emt 0:01:03]} e5 {[%emt 0:05:17]} 17. Rae1 {[%emt 0:01:44]} Bd6 {[%emt 0:02:17]} 18. c5 {[%emt 0:04:52]} Bc7 {[%emt 0:00:10]} 19. Ba1 {[%emt 0:07:47]} b5 {[%emt 0:02:48]} 20. Be4 {[%emt 0:05:42]} Nc6 {[%emt 0:05:29]} 21. Nb2 {[%emt 0:00:20]} a5 {[%emt 0:01:12]} 22. Nd3 {[%emt 0:00:56]} axb4 {[%emt 0:00:59]} 23. Nxb4 {[%emt 0:03:30]} Nxb4 {[%emt 0:00:07]} 24. axb4 {[%emt 0:00:01]} Ra4 {[%emt 0:00:13]} 25. c6 {[%emt 0:02:31]} Be6 {[%emt 0:00:23]} 26. Qc5 {[%emt 0:00:06]} Qd6 {[%emt 0:12:27]} 27. f4 {[%emt 0:06:02]} Qxc5 {[%emt 0:12:40]} 28. bxc5 {[%emt 0:00:01]} exf4 {[%emt 0:00:02]} 29. Bc2 {[%emt 0:03:07]} Ra2 {[%emt 0:02:12]} 30. Bd3 {[%emt 0:02:15]} Rxd2 {[%emt 0:00:19]} 31. Bxb5 {[%emt 0:00:54]} f3 {[%emt 0:03:19]} 32. Rxf3 {[%emt 0:06:25]} Bd5 {[%emt 0:00:07]} 33. Rf2 {[%emt 0:00:44]} Bxh2+ {[%emt 0:01:51]} 34. Kf1 {[%emt 0:00:01]} Rxf2+ {[%emt 0:02:17]} 35. Kxf2 {[%emt 0:01:02]} Rb8 {[%emt 0:00:34]} 1/2-1/2

[Event "28th WSCC Women 65 2018"]
[Site "Bled"]
[Date "2018.11.25"]
[Round "7"]
[White "Kabanova, Irina"]
[Black "Norman, Dinah M"]
[Result "1/2-1/2"]
[WhiteElo "1856"]
[BlackElo "1659"]
[Annotator "NA"]
[PlyCount "29"]
[EventDate "2018.11.17"]
[EventType "swiss"]
[EventCountry "SLO"]
[SourceTitle "playchess.com"]
[Source "ChessBase"]
[SourceQuality "1"]
[TimeControl "40/5400+30:1800+30"]

1. e4 {[%emt 0:00:00]} d5 {[%emt 0:00:00]} 2. exd5 {[%emt 0:00:00]} Qxd5 {[%emt 0:00:00]} 3. d4 {[%emt 0:00:03]} Nf6 {[%emt 0:00:47]} 4. Nf3 {[%emt 0:00:41]} c6 {[%emt 0:02:01]} 5. Be2 {[%emt 0:01:06]} Bf5 {[%emt 0:01:59]} 6. O-O {[%emt 0:01:34]} e6 {[%emt 0:01:16]} 7. c4 {[%emt 0:07:38]} Qd8 {[%emt 0:02:46]} 8. Bf4 {[%emt 0:04:19]} Be7 {[%emt 0:02:36]} 9. Qb3 {[%emt 0:02:43]} Qb6 {[%emt 0:06:00]} 10. Nc3 {[%emt 0:05:01]} Nbd7 {[%emt 0:05:41]} 11. c5 {[%emt 0:06:23]} Qxb3 {[%emt 0:01:07]} 12. axb3 {[%emt 0:00:02]} O-O {[%emt 0:02:05]} 13. Bc4 {[%emt 0:04:31]} Nd5 {[%emt 0:08:43]} 14. Bxd5 {[%emt 0:09:13]} exd5 {[%emt 0:00:38]} 15. Rfe1 {[%emt 0:00:25]} 1/2-1/2

[Event "28th WSCC Women 65 2018"]
[Site "Bled"]
[Date "2018.11.26"]
[Round "8"]
[White "Fatalibekova, Elena"]
[Black "Titorenko, Natalia I"]
[Result "1/2-1/2"]
[WhiteElo "2161"]
[BlackElo "2158"]
[Annotator "NA"]
[PlyCount "33"]
[EventDate "2018.11.17"]
[EventType "swiss"]
[EventCountry "SLO"]
[SourceTitle "playchess.com"]
[Source "ChessBase"]
[SourceQuality "1"]
[TimeControl "40/5400+30:1800+30"]

1. e4 e5 2. Nf3 Nf6 3. Nxe5 d6 4. Nf3 Nxe4 5. Nc3 Nxc3 6. dxc3 Be7 7. Bd3 O-O 8. O-O Bg4 9. h3 Bh5 10. Bf4 Nc6 11. Re1 Bf6 12. Re3 Re8 13. Qe2 Rxe3 14. Qxe3 Qe8 15. Re1 Qxe3 16. Rxe3 Kf8 17. g4 1/2-1/2

[Event "28th WSCC Women 65 2018"]
[Site "Bled"]
[Date "2018.11.26"]
[Round "8"]
[White "Sorokina, Tamara"]
[Black "Gaprindashvili, Nona"]
[Result "1/2-1/2"]
[WhiteElo "2058"]
[BlackElo "2301"]
[Annotator "NA"]
[PlyCount "73"]
[EventDate "2018.11.17"]
[EventType "swiss"]
[EventCountry "SLO"]
[SourceTitle "playchess.com"]
[Source "ChessBase"]
[SourceQuality "1"]
[TimeControl "40/5400+30:1800+30"]

1. d4 c5 2. e3 e6 3. Nf3 Nf6 4. Bd3 b6 5. Nbd2 Bb7 {LiveBook: 539 Games} 6. c3 d5 7. O-O Bd6 8. b3 {D05: Colle System with ...e6} (8. Qe2 O-O 9. e4 dxe4 10. Nxe4 Nxe4 11. Bxe4 Bxe4 12. Qxe4 Nd7 13. Bg5 Qc7 14. Rad1 Rae8 15. dxc5 Nxc5 {½-½ (30) Nouri,H (2363)-Swayams,M (2491) New Delhi 2017}) 8... Nbd7 9. Bb2 O-O 10. c4 Ne4 11. Qe2 Nxd2 12. Nxd2 cxd4 13. exd4 Qf6 $146 ({Predecessor:} 13... Qg5) 14. cxd5 Qh6 15. Nf3 Bxd5 16. Be4 Nf6 17. Bxd5 Nxd5 18. g3 Qh5 19. Rfe1 Rac8 20. Rac1 Bb4 21. Red1 Rfd8 22. Qd3 Be7 23. a3 Bf6 24. Qe4 Qg6 25. Qxg6 $11 hxg6 26. Rxc8 Rxc8 27. Rc1 Rxc1+ 28. Bxc1 a5 29. a4 Be7 30. Bb2 f6 31. Kf1 Kf7 32. Ke2 Ke8 33. Kd3 Kd7 34. Kc4 Kc6 35. Ne1 g5 36. Nc2 Bd6 37. Ne3 1/2-1/2

[Event "28th WSCC Women 65 2018"]
[Site "Bled"]
[Date "2018.11.26"]
[Round "8"]
[White "Tsifanskaya, Ludmila A"]
[Black "Kozlovskaya, Valentina"]
[Result "1/2-1/2"]
[WhiteElo "1996"]
[BlackElo "2154"]
[Annotator "TA"]
[PlyCount "127"]
[EventDate "2018.11.17"]
[EventType "swiss"]
[EventCountry "SLO"]
[SourceTitle "playchess.com"]
[Source "ChessBase"]
[SourceQuality "1"]

{[%evp 11,127,20,48,-2,4,-10,-4,-3,3,8,18,-10,6,1,-2,-18,-8,-5,0,-3,0,0,0,-24,-5,-19,-8,-25,-28,-23,-22,-31,-21,-97,-78,-93,-93,-117,-119,-133,-107,-112,-108,-153,-157,-162,-109,-185,-128,-138,-88,-93,-84,-85,-84,-87,-85,-107,-104,-116,-114,-116,-116,-125,-132,-138,-106,-104,-97,-95,-89,-110,-85,-121,-50,-137,-75,-121,-120,-120,-105,-121,-2,-97,-2,-2,-2,-2,-2,-2,-2,-2,-2,-187,-2,-2,0,0,0,-2,0,0,0,0,0,0,0,-1,0,-1,0,-1,0,-1,-2,-8,-9,-9]} 1. e4 c5 2. Nf3 a6 3. b3 Nc6 4. Bb2 d6 5. d4 cxd4 6. Nxd4 e6 {LiveBook: 25 Games} 7. Nf3 $146 {B50: Sicilian: 2...d6, Miscellaneous} ({Predecessor:} 7. g3 Nxd4 8. Qxd4 e5 9. Qd2 Nf6 10. Bg2 Be7 11. Nc3 O-O 12. O-O-O b5 13. f4 Bb7 14. Kb1 Qc7 {0-1 (37) Antipov,M (2464)-Gagunashvili,M (2592) Legnica 2013}) 7... Nf6 8. e5 dxe5 {[#] Hoping for ...Qxd1+.} 9. Qxd8+ Nxd8 10. Nxe5 Bb4+ 11. Bc3 Bc5 12. Nd2 O-O 13. Nd3 Be7 14. Be2 Nd5 15. Bb2 b5 16. O-O Bb7 17. Bf3 Rc8 18. c4 Nf6 19. Bxb7 Nxb7 20. Ne5 Rfd8 21. Ndf3 Ne4 22. Nd4 (22. Rfe1 $11 Nbd6 23. cxb5 axb5 24. Nd4) 22... Bf6 $36 {[%mdl 2048] Keeping White busy.} 23. Nec6 Bxd4 $1 24. Nxd4 bxc4 25. bxc4 Rxc4 26. Nb3 Rc2 27. Be5 f6 28. Rfe1 Rc4 (28... Nec5 $19 29. Bg3 e5) 29. Bg3 (29. f3 $17 {was worth a try.}) 29... e5 (29... a5 $19 30. Rac1 Rxc1 31. Nxc1 Nxg3 32. hxg3 e5) 30. f3 $17 Nd2 31. Red1 Nxb3 32. Rxd8+ Nxd8 33. axb3 {[%mdl 4096] Endgame KRB-KRN} Rc6 34. Bf2 Ne6 35. Be3 Kf7 36. b4 Nc7 37. h3 Ke6 38. Bc5 Nb5 39. Kf2 g6 40. Ke3 f5 41. g4 Nd6 42. f4 Nb7 (42... Ne4 $17 43. fxe5 Nxc5 44. bxc5 Kxe5 45. gxf5 gxf5) 43. gxf5+ ({White should try} 43. Ba7 $1 $15) 43... gxf5 (43... Kxf5 $142 44. fxe5 Nxc5 45. bxc5 Kxe5) 44. fxe5 Nxc5 45. bxc5 {And now Kf4 would win.} Kxe5 $15 {KR-KR} 46. Kf3 h5 (46... Kd5 $17 47. Kf4 Kxc5 48. Kxf5 Kb6 49. Rb1+ Kc7) 47. Ra4 (47. h4 $11 {keeps the balance.}) 47... h4 ({Black should play} 47... Kd5 $17 48. Ra1 Ke5 49. Re1+ Kd4) 48. Rxh4 $11 Rxc5 {White should prevent ...Ra5.} 49. Ra4 a5 50. Ra1 Rb5 51. Kg3 Kf6 52. Kh4 $2 {[#]} (52. Ra3 $11) 52... Kg6 $2 (52... Rb4+ $1 $19 53. Kg3 a4) 53. Rg1+ {The position is equal.} Kh6 {aiming for ...Rb4+.} 54. Rg8 $1 Rb4+ 55. Kg3 a4 56. Ra8 Kg6 57. h4 Rg4+ 58. Kh3 Rb4 {White must now prevent ...Rb3+.} 59. Kg3 $1 Kf6 60. Ra5 Kg6 61. Ra8 Rg4+ 62. Kh3 Kh6 63. Rh8+ Kg7 64. Ra8 {Precision: White = 45%, Black = 33%.} 1/2-1/2

[Event "28th WSCC Women 65 2018"]
[Site "Bled"]
[Date "2018.11.26"]
[Round "8"]
[White "Serjmyadag, Damdin"]
[Black "Dotan, Valeria"]
[Result "1-0"]
[WhiteElo "1864"]
[BlackElo "1883"]
[Annotator "NA"]
[PlyCount "63"]
[EventDate "2018.11.17"]
[EventType "swiss"]
[EventCountry "SLO"]
[SourceTitle "playchess.com"]
[Source "ChessBase"]
[SourceQuality "1"]
[TimeControl "40/5400+30:1800+30"]

1. e4 c5 2. c4 Nc6 3. Nf3 d6 4. Nc3 g6 5. d4 cxd4 6. Nxd4 Bg7 7. Be3 Nf6 8. f3 Bd7 9. Qd2 Nxd4 10. Bxd4 Bc6 11. Be2 O-O 12. O-O Re8 13. Rad1 b6 14. Nd5 $14 Nxd5 15. exd5 Ba4 16. b3 Bd7 17. Bxg7 Kxg7 18. Bd3 Qc8 19. Rfe1 Qc5+ 20. Kh1 Qc8 21. Re3 Rb8 22. Rde1 Qd8 23. f4 e6 24. dxe6 fxe6 25. Be4 Qc7 26. Rd3 d5 27. cxd5 Rbd8 28. d6 Qb8 29. h4 Bb5 30. Qc3+ Kh6 31. Rh3 Rf8 32. h5 1-0

[Event "28th WSCC Women 65 2018"]
[Site "Bled"]
[Date "2018.11.26"]
[Round "8"]
[White "Milashevskaja, Valentina"]
[Black "Khmiadashvili, Tamar"]
[Result "0-1"]
[WhiteElo "1731"]
[BlackElo "2010"]
[Annotator "NA"]
[PlyCount "65"]
[EventDate "2018.11.17"]
[EventType "swiss"]
[EventCountry "SLO"]
[SourceTitle "playchess.com"]
[Source "ChessBase"]
[SourceQuality "1"]
[TimeControl "40/5400+30:1800+30"]

1. d4 d5 2. c4 e6 3. Nc3 Nf6 4. Bg5 Be7 5. e3 c6 6. Nf3 Nbd7 7. Be2 O-O 8. O-O dxc4 9. Bxc4 Nd5 10. Bxe7 Qxe7 11. e4 Nxc3 12. bxc3 e5 13. Qe2 g5 14. h3 Kg7 15. Bd3 f6 16. a4 Rd8 $16 17. Rfe1 Nf8 18. Red1 Ng6 19. dxe5 fxe5 20. Qe3 g4 21. Nh2 gxh3 22. gxh3 Nf4 23. Bf1 Be6 24. Ng4 Qg5 25. Qg3 Kh8 26. Kh2 Rg8 27. Rd6 Qe7 28. Rxe6 Qxe6 29. Qe3 h5 30. Bc4 Qxc4 31. Nxe5 Qe6 32. Qxf4 Raf8 33. Qe3 0-1

[Event "28th WSCC Women 65 2018"]
[Site "Bled"]
[Date "2018.11.27"]
[Round "9"]
[White "Gaprindashvili, Nona"]
[Black "Serjmyadag, Damdin"]
[Result "1-0"]
[WhiteElo "2301"]
[BlackElo "1864"]
[Annotator "ChessBase"]
[PlyCount "61"]
[EventDate "2018.11.17"]
[EventType "swiss"]
[EventCountry "SLO"]
[SourceTitle "playchess.com"]
[Source "ChessBase"]
[SourceQuality "1"]
[TimeControl "40/5400+30:1800+30"]

1. d4 {[%emt 0:00:00]} Nf6 {[%emt 0:00:09]} 2. c4 {[%emt 0:00:00]} g6 {[%emt 0:00:05]} 3. Nc3 {[%emt 0:00:00]} Bg7 {[%emt 0:00:14]} 4. e4 {[%emt 0:00:07]} d6 {[%emt 0:00:07]} 5. Be2 {[%emt 0:00:10]} O-O {[%emt 0:00:17]} 6. Bg5 {[%emt 0:00:02]} Nbd7 {[%emt 0:00:54]} 7. Qd2 {[%emt 0:01:15]} c5 {[%emt 0:00:59]} 8. d5 {[%emt 0:01:05]} a6 {[%emt 0:02:32]} 9. f3 {[%emt 0:04:47]} Re8 {[%emt 0:01:20]} 10. Nh3 {[%emt 0:00:59]} Nf8 {[%emt 0:01:21]} 11. Nf2 {[%emt 0:00:28]} Qc7 {[%emt 0:04:59]} 12. O-O {[%emt 0:02:57]} Bd7 {[%emt 0:03:42]} 13. a4 {[%emt 0:01:05]} Kh8 {[%emt 0:03:33]} 14. Bh6 {[%emt 0:13:33]} Ng8 {[%emt 0:04:45]} 15. Bxg7+ {[%emt 0:00:09]} Kxg7 {[%emt 0:00:08]} 16. f4 {[%emt 0:02:33]} f5 {[%emt 0:04:32]} 17. g4 {[%emt 0:04:59]} fxg4 {[%emt 0:12:59]} 18. Nxg4 {[%emt 0:03:12]} Qc8 {[%emt 0:05:13]} 19. f5 {[%emt 0:01:44]} Kh8 {[%emt 0:07:31]} 20. Qg5 {[%emt 0:01:27]} Qd8 {[%emt 0:16:05]} 21. Nh6 {[%emt 0:09:44]} Kg7 {[%emt 0:05:02]} 22. Nxg8 Kxg8 23. Qh6 {[%emt 0:01:19]} Qb6 {[%emt 0:09:00]} 24. Nd1 {[%emt 0:00:11]} Rec8 {[%emt 0:02:01]} 25. Ra3 {[%emt 0:02:44]} Be8 {[%emt 0:02:15]} 26. Rg3 {[%emt 0:01:56]} Bf7 {[%emt 0:00:49]} 27. Bh5 {[%emt 0:01:05]} Qb4 {[%emt 0:06:53]} 28. fxg6 {[%emt 0:05:02]} Nxg6 {[%emt 0:02:40]} 29. Rxf7 {[%emt 0:00:20]} Kxf7 {[%emt 0:00:47]} 30. Bxg6+ {[%emt 0:00:22]} hxg6 {[%emt 0:00:17]} 31. Qxg6+ {[%emt 0:00:02]} 1-0

[Event "28th WSCC Women 65 2018"]
[Site "Bled"]
[Date "2018.11.27"]
[Round "9"]
[White "Titorenko, Natalia I"]
[Black "Sorokina, Tamara"]
[Result "1-0"]
[WhiteElo "2158"]
[BlackElo "2058"]
[Annotator "NA"]
[PlyCount "97"]
[EventDate "2018.11.17"]
[EventType "swiss"]
[EventCountry "SLO"]
[SourceTitle "playchess.com"]
[Source "ChessBase"]
[SourceQuality "1"]
[TimeControl "40/5400+30:1800+30"]

1. e4 {[%emt 0:00:00]} c5 {[%emt 0:00:00]} 2. Nf3 {[%emt 0:00:00]} e6 {[%emt 0:00:00]} 3. d4 {[%emt 0:00:00]} cxd4 {[%emt 0:00:00]} 4. Nxd4 {[%emt 0:00:00]} a6 {[%emt 0:00:00]} 5. Nc3 {[%emt 0:00:03]} Qc7 {[%emt 0:00:46]} 6. Nb3 {[%emt 0:06:12] B43: Sicilian: Kan Variation: 5 Nc3} (6. g3 Nf6 7. Bg2 Bb4 8. O-O Bxc3 9. bxc3 d6 10. Ba3 O-O 11. e5 dxe5 12. Bxf8 Kxf8 13. Nb3 Bd7 14. Na5 Ra7 15. Nxb7 Ke7 16. Rb1 Bb5 17. Re1 Nbd7 18. Qc1 Nd5 19. Qa3+ Kf6 20. Bxd5 exd5 21. Rxb5 {1-0 (21) Aronian,L (2764)-Caruana,F (2816) Leuven 2018}) 6... b5 {[%emt 0:00:34]} 7. Be3 {[%emt 0:03:20]} Bb7 {[%emt 0:00:06]} 8. f3 {[%emt 0:00:41]} Nf6 {[%emt 0:00:24]} 9. Qd2 {[%emt 0:01:26]} d5 $146 {[%emt 0:01:20]} ({Predecessor:} 9... Nc6 10. O-O-O Ne5 11. Kb1 Rc8 12. Qd4 b4 13. Na4 Qxc2+ 14. Ka1 Nc6 15. Qd3 Qxd3 16. Bxd3 {½-½ (57) Moehn,H (1574)-Lubbe,M (2081) Leutersdorf 2006}) 10. exd5 {[%emt 0:01:59]} Nxd5 {[%emt 0:00:02]} 11. Nxd5 {[%emt 0:01:32]} Bxd5 {[%emt 0:00:02]} 12. Bf4 {[%emt 0:24:42]} Qd7 {[%emt 0:04:46]} 13. Bd3 {[%emt 0:11:21]} Be7 {[%emt 0:01:01]} 14. O-O-O {[%emt 0:03:47]} O-O {[%emt 0:06:27]} 15. Be4 {[%emt 0:10:24]} Rd8 {[%emt 0:00:30]} 16. Bxd5 {[%emt 0:05:04]} exd5 {[%emt 0:00:01]} 17. Bg5 {[%emt 0:10:46]} f6 {[%emt 0:05:14]} 18. Be3 {[%emt 0:00:44]} Nc6 {[%emt 0:00:06]} 19. Bb6 {[%emt 0:01:36]} Rdb8 {[%emt 0:00:12]} 20. Bc5 {[%emt 0:02:48]} Rd8 {[%emt 0:02:00]} 21. Rhe1 {[%emt 0:03:12]} a5 {[%emt 0:02:59]} 22. Bxe7 {[%emt 0:01:56]} Nxe7 {[%emt 0:00:02]} 23. Qe3 {[%emt 0:01:29]} Nf5 {[%emt 0:06:58]} 24. Qe6+ {[%emt 0:01:18]} Qxe6 {[%emt 0:00:33]} 25. Rxe6 {[%emt 0:00:01]} a4 {[%emt 0:04:02]} 26. Nd4 {[%emt 0:00:34]} Nxd4 {[%emt 0:02:49]} 27. Rxd4 {[%emt 0:00:01]} Rac8 {[%emt 0:00:15]} 28. Rb6 {[%emt 0:04:13]} Rb8 {[%emt 0:01:04]} 29. Rxb8 {[%emt 0:00:09]} Rxb8 {[%emt 0:00:01]} 30. Rxd5 {[%emt 0:00:01]} Kf7 {[%emt 0:00:10]} 31. Rd7+ {[%emt 0:01:08]} Kg6 {[%emt 0:00:06]} 32. Kd2 {[%emt 0:01:46]} h5 {[%emt 0:00:22]} 33. Rd4 {[%emt 0:00:38]} Kf7 {[%emt 0:00:44]} 34. Rd7+ {[%emt 0:00:44]} Kg6 {[%emt 0:00:02]} 35. Rd4 {[%emt 0:01:16]} Kf7 {[%emt 0:00:21]} 36. c4 {[%emt 0:00:15]} Ke6 {[%emt 0:04:06]} 37. cxb5 {[%emt 0:00:43]} Rxb5 {[%emt 0:00:02]} 38. Kc3 {[%emt 0:00:19]} Ra5 {[%emt 0:00:22]} 39. Kb4 {[%emt 0:01:03]} Ra7 {[%emt 0:00:09]} 40. Ka3 {[%emt 0:00:00]} Rc7 {[%emt 0:00:00]} 41. Re4+ {[%emt 0:13:23]} Kf5 $18 {[%emt 0:01:33]} (41... Kd5 $16 {was worth a try.}) 42. Rxa4 {[%emt 0:02:37]} Rc2 {[%emt 0:00:02]} 43. b4 {[%emt 0:06:28]} Rxg2 {[%emt 0:00:09]} 44. b5 {[%emt 0:00:14]} Ke6 {[%emt 0:02:33]} 45. Rd4 {[%emt 0:05:19]} Rc2 {[%emt 0:00:23]} 46. b6 {[%emt 0:00:30]} Rc8 {[%emt 0:00:01]} 47. Kb4 {[%emt 0:00:18]} Rb8 {[%emt 0:00:37]} 48. Kb5 {[%emt 0:00:13]} g5 {[%emt 0:00:08]} 49. a4 {[%emt 0:00:35]} 1-0